Statistiques concernant Equipe de France 2021

Cliquez ici pour prendre le quiz!

Statistiques générales

  • Ce quiz a été pris 52 fois
  • Le résultat moyen est 20 sur 26

Statistiques - réponses

HintRéponse% Correct
GLloris
100%
BUBenzema
96%
BUMbappé
96%
DCVarane
96%
DG
Hernandez
93%
BUGiroud
93%
MCPogba
93%
MDCKanté
91%
GMandanda
91%
DDPavard
91%
ADDembélé
85%
BUGriezmann
85%
DCKimpembe
85%
GMaignan
85%
MCRabiot
78%
AGComan
76%
DCKoundé
74%
BUBen Yedder
65%
DGDigne
65%
MCTolisso
63%
MGLemar
59%
AGThuram
59%
DDDubois
54%
MCSissoko
50%
DCZouma
35%
DCLanglet
17%

Distribution des résultats

Percentile par nombre de réponses

% des personnes avec chaque résultat

Votre développement - résultats

Vous n’avez pas pris ce quiz